|
|
|
|
| LEADER |
00000nab a2200000 ar4500 |
| 001 |
vtls009456483 |
| 003 |
SK-MaSNL |
| 005 |
20260319070812.0 |
| 008 |
081218c2008 xo |||||||| 000 b|hun |
| 015 |
|
|
|a SNBRB2008/12
|2 snkbucl
|
| 038 |
|
|
|a SNKBUCL
|
| 040 |
|
|
|a DSZK
|b slo
|c DSZK
|e AACR2
|
| 041 |
0 |
|
|a hun
|
| 044 |
|
|
|a xo
|c SK
|
| 080 |
|
|
|a 738.1
|x (439)
|x (091)
|2 1997
|
| 080 |
|
|
|a 666.5
|x (439)
|x (091)
|2 1997
|
| 100 |
1 |
|
|a Nagy, Ildikó,
|d 1952-
|4 aut
|9 834472
|
| 245 |
1 |
0 |
|a Történet a hollóról, a porcelánról és a hegedűről
|c Nagy Ildikó
|
| 300 |
|
|
|b Fotogr.
|
| 500 |
|
|
|a Na s. 19 osobitný článok s názvom Hollóházi Komáromban és Pozsonyban is
|
| 650 |
0 |
7 |
|a porcelán
|2 snkbucl
|9 3065
|
| 650 |
0 |
7 |
|a dejiny
|2 snkbucl
|9 3825
|
| 651 |
|
7 |
|a Hollóháza (Maďarsko)
|2 snkbucl
|9 1047212
|
| 773 |
0 |
|
|t Vasárnap
|g Évf. 41, sz. 45 (2008), o. 18-19
|
| 852 |
|
|
|a SNK
|b KIS3GCP
|
| 852 |
|
|
|a DSZK
|b KIS3GCP
|
| 958 |
|
|
|a HU
|
| 999 |
|
|
|c 1721350
|d 1723280
|